| 000 | 01010nam a22003137a 4500 | ||
|---|---|---|---|
| 003 | CHAP | ||
| 005 | 20220817042916.0 | ||
| 008 | 971013s1982 r 00010 d | ||
| 010 | _a59575 | ||
| 011 | _a60547 | ||
| 035 | _a64709 | ||
| 040 | _cCHAP | ||
| 082 |
_a631.521 _bD6Y |
||
| 100 | 0 | 0 |
_aDouglas, Johnson E. _eed. _934083 |
| 245 |
_aProgramas de semillas _b: guía de planeación y manejo |
||
| 260 |
_aCali : _bCentro Internacional de Agricultura Tropical, _c1982 |
||
| 300 |
_a357 p. _b: ilus. ; gráfs. |
||
| 490 |
_aSerie CIAT _v; 09SSe-6 (82) |
||
| 590 |
_aBATCH-UPD _b10 _c20130110 _lUCH01 _h0843 |
||
| 590 |
_aBATCH-UPD _b10 _c20130410 _lUCH01 _h0518 |
||
| 590 |
_aBATCH-UPD _b10 _c20130914 _lUCH01 _h1704 |
||
| 590 |
_aCONVERSION _b10 _c20130109 _lUCH01 _h1332 |
||
| 650 | 1 | 4 | _aSemillas. |
| 650 | 1 | 4 |
_aSemillas _xInvestigación. _9103907 |
| 830 | 0 |
_aSerie CIAT _v; 09SSe-6 (82) _9104644 |
|
| 901 | _aBK | ||
| 942 | _cLIBRO | ||
| 949 |
_a631.521 D6Y _bBC _cLIBRO _d33724000087177 _eLIBRO _h68316 _i64709 _si |
||
| 999 |
_c59575 _d59575 |
||